000 00800nam a2200253Ia 4500
003 OSt
005 20220925181853.0
006 a|||||r|||| 00| 0
007 ta
008 220923b |||||||| |||| 00| 0 eng d
037 _cGeneral Book
040 _aRTL
_cRTL
_beng
041 _2eng
_aeng
082 _aUm73:N48, L5
100 _aStetzer Donald Foster
_9254977
245 0 _aSpecial districts in cook county
_b Toward a geogra
260 _aChicago
_bUniversity of Chicago
_c1975
300 _axi,177p
_ccm.
490 _aUniversity of Chicago, Geography (Deptt of-),Research Paper. 169
500 _aBib p. 163-77; Appendix: P 158-62
650 _aPolitical Geography
942 _hUm73:N48, L5
_cGB
_2CC
999 _c500566
_d500566